000 01070cam a22003254a 4500
003 OSt
005 20250528124917.0
008 080220s2010 paua b 001 0 eng
010 _a 2008007812
020 _a978131262115
020 _a9780808924029 (International ed.)
020 _a0808924028 (International ed.)
020 _a9781437707922 (Professional ed.)
020 _a1437707920 (Professional ed.)
035 _a(OCoLC)ocn212375916
040 _cddc
082 0 0 _a616.07
245 0 0 _aRobbins & Cotran Pathologic Basis of Disease /
_cVinay Kumar , Abul K Abbas, and Joc C Aster
246 3 0 _aPathologic basis of disease
250 _a10th ed. /
260 _aRochester, New York
_bSaunders/Elsevier,
_c2021
651 _vPhysiotherapy
_xPathology
700 1 _aRobbins, Stanley L.
700 1 _aKumar, Vinay,
700 1 _aCotran, Ramzi S.,
906 _a7
_bcbc
_corignew
_d1
_eecip
_f20
_gy-gencatlg
942 _cBK
_2ddc
999 _c248868
_d248868